000 00263nam a2200109Ia 4500
008 220204s9999 xx 000 0 und d
082 _a616-053.2
_bSTU
100 _aSturgess, Rosemary
245 0 _aBaby book
260 _aLondon
_bDavid Charles
_c1977
942 _cBK
999 _c32831
_d32831